| 000 | 00525nam a2200193 4500 | ||
|---|---|---|---|
| 001 | 114019 | ||
| 003 | ES-MaACL | ||
| 005 | 20250824092150.0 | ||
| 007 | t| | ||
| 008 | 061121s1923 fr r ||||1| fre d | ||
| 100 | 1 |
_aPainlevé, Paul. _988330 |
|
| 245 | 1 | 2 |
_aL'Aviation / _cPaul Painlevé , Emile Borel, Ch. Maurain. |
| 260 |
_aParis : _bEvreux, _c1923. |
||
| 300 |
_a308 p. ; _c19 cm. |
||
| 700 | 1 |
_aBorel, Emile. _930428 |
|
| 700 | 1 |
_aMaurain, Charles _979226 |
|
| 852 |
_aES-MaACL _jB-6784 |
||
| 999 |
_c114019 _d114019 |
||